| 000 | 00429nam a2200181Ia 4500 | ||
|---|---|---|---|
| 005 | 20250603145642.0 | ||
| 008 | 250603s9999 xx 000 0 und d | ||
| 020 | _a9788186299333 | ||
| 050 | _aTP 492 ./ | ||
| 100 | _aAnand, M.L. | ||
| 245 | 0 | _aRefrigeration & Air Conditioning | |
| 260 | _aNew Delhi | ||
| 260 | _bPHI Learning Private Limited | ||
| 260 | _c2020 | ||
| 300 | _a574 p | ||
| 650 | _aNew Delhi | ||
| 942 | _cBK | ||
| 999 |
_c42459 _d42459 |
||